000
00289nam a2200121Ia 4500
008
190216s9999||||xx |||||||||||||| ||und||
100
_a
Radhakrishna Kahnna
245
0
_a
Economics Of Planning
260
_b
Poorna Pubs Kozhikode
_c
1963
300
_a
253p
650
_a
Commerce
942
_c
BK
999
_c
4758
_d
4758